<?xml version="1.0" encoding="UTF-8"?><?xml-stylesheet type="text/xsl" href="static/style.xsl"?><OAI-PMH xmlns="http://www.openarchives.org/OAI/2.0/" xmlns:xsi="http://www.w3.org/2001/XMLSchema-instance" xsi:schemaLocation="http://www.openarchives.org/OAI/2.0/ http://www.openarchives.org/OAI/2.0/OAI-PMH.xsd"><responseDate>2026-04-13T01:18:02Z</responseDate><request verb="GetRecord" identifier="oai:www.recercat.cat:2117/77563" metadataPrefix="marc">https://recercat.cat/oai/request</request><GetRecord><record><header><identifier>oai:recercat.cat:2117/77563</identifier><datestamp>2025-07-23T05:01:30Z</datestamp><setSpec>com_2072_1033</setSpec><setSpec>col_2072_452951</setSpec></header><metadata><record xmlns="http://www.loc.gov/MARC21/slim" xmlns:dcterms="http://purl.org/dc/terms/" xmlns:xsi="http://www.w3.org/2001/XMLSchema-instance" xmlns:doc="http://www.lyncode.com/xoai" xsi:schemaLocation="http://www.loc.gov/MARC21/slim http://www.loc.gov/standards/marcxml/schema/MARC21slim.xsd">
   <leader>00925njm 22002777a 4500</leader>
   <datafield ind2=" " ind1=" " tag="042">
      <subfield code="a">dc</subfield>
   </datafield>
   <datafield ind2=" " ind1=" " tag="720">
      <subfield code="a">González, Borja</subfield>
      <subfield code="e">author</subfield>
   </datafield>
   <datafield ind2=" " ind1=" " tag="260">
      <subfield code="c">2015-03</subfield>
   </datafield>
   <datafield ind2=" " ind1=" " tag="520">
      <subfield code="a">Los materiales destinados a la regeneración del tejido óseo han sido desarrollados durante&#xd;
las últimas décadas debido al incremento de enfermedades óseas motivadas por el&#xd;
envejecimiento de la población. Recientes trabajos en el campo de la ingeniería de tejidos se&#xd;
centran en este campo, concretamente en los cementos de fosfato de calcio y en su&#xd;
procesado como andamios usando técnicas de manufactura aditiva para conseguir injertos o&#xd;
materiales de relleno óseo con una adecuada osteointegración.&#xd;
El objetivo del presente trabajo consistió en fabricar andamios macroporosos mediante la&#xd;
impresión tridimensional de pastas cerámicas auto-fraguables en base fosfato tricálcico alfa,&#xd;
y su posterior caracterización mecánica a compresión y composición química una vez&#xd;
consolidadas.&#xd;
La aportación del trabajo radica en la obtención de andamios mediante el proceso de&#xd;
impresión tridimensional, controlando la macroporosidad introducida mediante el diseño por&#xd;
ordenador de la arquitectura del andamio y la nano/microporosidad variando las condiciones&#xd;
de consolidación del andamio, siendo ambas un método reproducible.&#xd;
Por otra parte, la consolidación hidrotermal, de la cual la cinética de transformación se&#xd;
estudia por primera vez en este trabajo, permitió obtener andamios de hidroxiapatita&#xd;
deficiente en calcio (CDHA) en tiempos muy cortos (15 min), en comparación con el&#xd;
protocolo clásico de consolidación biomimético tradicional que requiere de aproximadamente&#xd;
7 días de reacción. Este hecho hace posible la impresión y consolidación de andamios&#xd;
hechos a medida durante el tratamiento de defectos óseos en situaciones donde el tiempo&#xd;
para el tratamiento es reducido, por ejemplo en intervenciones quirúrgicas de emergencia.</subfield>
   </datafield>
   <datafield tag="653" ind2=" " ind1=" ">
      <subfield code="a">Àrees temàtiques de la UPC::Enginyeria biomèdica::Biomaterials</subfield>
   </datafield>
   <datafield tag="653" ind2=" " ind1=" ">
      <subfield code="a">Tissue scaffolds</subfield>
   </datafield>
   <datafield tag="653" ind2=" " ind1=" ">
      <subfield code="a">Ciments ossis</subfield>
   </datafield>
   <datafield tag="653" ind2=" " ind1=" ">
      <subfield code="a">Ceramic materials</subfield>
   </datafield>
   <datafield tag="653" ind2=" " ind1=" ">
      <subfield code="a">Teixits -- Bastides</subfield>
   </datafield>
   <datafield tag="653" ind2=" " ind1=" ">
      <subfield code="a">Bone cements</subfield>
   </datafield>
   <datafield tag="653" ind2=" " ind1=" ">
      <subfield code="a">Materials ceràmics</subfield>
   </datafield>
   <datafield ind2="0" ind1="0" tag="245">
      <subfield code="a">Caracterización mecánica de estructuras macroporosas fabricadas por extrusión aditiva de pasta cerámica</subfield>
   </datafield>
</record></metadata></record></GetRecord></OAI-PMH>